| 000 | 00837nam a2200265 a 4500 | ||
|---|---|---|---|
| 001 | 53042 | ||
| 003 | BD-RjUL | ||
| 005 | 20211209075911.0 | ||
| 008 | 161002s1982 enka b 001 0 eng | ||
| 020 |
_a0882841254 : _c$15.95 |
||
| 035 | _a(BD-RjUL)53162 | ||
| 040 |
_aDLC _cDLC _dDLC _beng |
||
| 041 | _aeng | ||
| 082 | 0 | 0 |
_a651.74 _223 _bFEA 1982 |
| 100 | 1 |
_aFeinberg, Lilian. _9158538 |
|
| 245 | 1 | 0 |
_aApplied business communication / _cLilian O. Feinberg ; assisted by Mary C. Thompson. |
| 260 |
_aSherman Oaks, Calif. : _bAlfred Pub. Co., _cc1982. |
||
| 300 |
_axix, 585 p. : _bill. ; _c25 cm. |
||
| 504 | _aIncludes bibliographies and index. | ||
| 650 | 0 |
_aComercial correspondence _9158539 |
|
| 650 | 0 |
_abusiness report writing _9159060 |
|
| 700 | 1 |
_aThompson, Mary C. _9158540 |
|
| 942 |
_2ddc _cBK |
||
| 999 |
_c53042 _d53042 |
||